[Event "FRA-ch 2018 Seniors Veterans"]
[Site "Nimes"]
[Date "2018.08.22"]
[Round "5"]
[White "Busson, Benoist"]
[Black "Saucey, Michel"]
[Result "1/2-1/2"]
[WhiteElo "1882"]
[BlackElo "2283"]
[Annotator "NA"]
[PlyCount "81"]
[EventDate "2018.08.18"]
[EventType "tourn"]
[EventCountry "FRA"]
[SourceTitle "playchess.com"]
[Source "ChessBase"]
[SourceQuality "1"]
[TimeControl "40/5400+30:1800+30"]

1. e4 {[%emt 0:00:00]} c5 {[%emt 0:00:00]} 2. Nc3 {[%emt 0:00:20]} e6 {[%emt 0:01:01]} 3. Nge2 {[%emt 0:02:55]} a6 {[%emt 0:00:23]} 4. g3 {[%emt 0:02:34]} Qc7 {[%emt 0:02:42]} 5. Bg2 {[%emt 0:00:32] LiveBook: 10 Games} Nf6 {[%emt 0:00:55]} 6. O-O {[%emt 0:01:04]} Be7 {[%emt 0:00:30]} 7. d4 {[%emt 0:02:29]} cxd4 {[%emt 0:00:21]} 8. Nxd4 {[%emt 0:00:07]} d6 {[%emt 0:01:42]} 9. Kh1 {[%emt 0:03:22] B80: Sicilian Scheveningen: 6 g3 and 6 Be3, including English Attack} (9. Be3 Nc6 10. a4 O-O 11. Nxc6 bxc6 12. a5 Nd7 13. Na4 Rb8 14. Nb6 c5 15. Nxc8 Rfxc8 16. b3 Bf6 17. Ra4 Ne5 18. Re1 Nc6 19. Qd2 Bd4 20. Bf1 Bxe3 21. Rxe3 {0-1 (54) Leko,P (2693)-Navara,D (2725) Tallinn 2016}) 9... Bd7 {[%emt 0:02:23]} 10. f4 {[%emt 0:05:00]} Nc6 {[%emt 0:00:19]} 11. f5 {[%emt 0:07:20]} Nxd4 {[%emt 0:00:52]} 12. Qxd4 {[%emt 0:00:21]} O-O {[%emt 0:01:20]} 13. fxe6 $146 {[%emt 0:01:56]} ({Predecessor:} 13. Bg5 Rad8 14. Rad1 exf5 15. exf5 Bc6 16. Qd2 Rfe8 17. Be3 d5 18. Bd4 Ne4 19. Nxe4 dxe4 20. Qe3 Rxd4 {½-½ (20) Dabic,S (2214)-Sentic,P (2217) Croatia 2009}) 13... fxe6 {[%emt 0:01:08]} 14. Be3 {[%emt 0:05:13]} Rac8 {[%emt 0:00:35]} 15. Qb6 {[%emt 0:01:12]} Bc6 {[%emt 0:09:18]} ({Better is} 15... Ng4 $17) 16. Qb3 {[%emt 0:02:54]} Bd7 {[%emt 0:01:54]} 17. Rad1 {[%emt 0:03:23]} b5 {[%emt 0:00:29]} 18. Bh3 {[%emt 0:08:53]} Qc4 $11 {[%emt 0:04:52]} 19. Qxc4 {[%emt 0:00:31]} Rxc4 {[%emt 0:00:11]} 20. e5 {[%emt 0:00:14]} Ng4 {[%emt 0:04:03]} 21. Rxf8+ {[%emt 0:09:21]} Bxf8 {[%emt 0:01:10]} 22. Bxg4 {[%emt 0:02:25]} Rxg4 {[%emt 0:00:19]} 23. Bf4 {[%emt 0:03:41]} Bc6+ {[%emt 0:01:45]} 24. Kg1 {[%emt 0:00:10]} dxe5 {[%emt 0:00:25]} 25. Bxe5 {[%emt 0:01:27]} Rc4 {[%emt 0:05:23]} 26. b3 {[%emt 0:03:14]} Rc5 {[%emt 0:01:35]} 27. Bd4 {[%emt 0:00:18]} Rf5 {[%emt 0:00:30]} 28. Rf1 {[%emt 0:01:23]} Bc5 {[%emt 0:09:37]} 29. Ne2 {[%emt 0:00:55]} Rd5 {[%emt 0:01:49]} 30. c3 {[%emt 0:03:43]} e5 {[%emt 0:00:32]} 31. Bxc5 {[%emt 0:00:34]} Rxc5 {[%emt 0:00:23]} 32. Kf2 {[%emt 0:01:38]} Be8 {[%emt 0:03:48]} 33. Ke3 {[%emt 0:01:21]} Bg6 {[%emt 0:00:46]} 34. Rd1 {[%emt 0:01:11]} Rc6 {[%emt 0:00:37]} 35. Rd5 {[%emt 0:01:02]} Re6 {[%emt 0:00:32]} 36. h4 {[%emt 0:01:50]} Bh5 {[%emt 0:06:04]} 37. Ng1 {[%emt 0:02:15]} Kf7 {[%emt 0:01:31]} 38. Nh3 {[%emt 0:03:25]} h6 {[%emt 0:00:25]} 39. Nf2 {[%emt 0:00:29]} Bg6 {[%emt 0:05:43]} 40. Ng4 {[%emt 0:03:31]} Bb1 {[%emt 0:02:42]} 41. Rxe5 {[%emt 0:38:18]} 1/2-1/2

[Event "FRA-ch 2018 Seniors Veterans"]
[Site "Nimes"]
[Date "2018.08.23"]
[Round "6"]
[White "Vareille, Francois"]
[Black "Prie, Eric"]
[Result "1-0"]
[WhiteElo "2421"]
[BlackElo "2480"]
[Annotator "TA"]
[PlyCount "47"]
[EventDate "2018.08.18"]
[EventType "tourn"]
[EventCountry "FRA"]
[SourceTitle "playchess.com"]
[Source "ChessBase"]
[SourceQuality "1"]

{[%evp 17,47,50,63,52,60,52,54,54,54,56,79,84,85,69,95,92,93,79,84,83,254,257,258,241,270,160,147,143,141,153,139,127]} 1. d4 Nf6 2. c4 c5 3. d5 b5 4. Nf3 g6 5. Qc2 bxc4 6. e4 Bg7 7. Bxc4 d6 8. O-O {A57: Benko/Volga Gambit} O-O 9. Nc3 (9. h3 Ba6 10. Nbd2 Nfd7 11. Rb1 Nb6 12. b3 Nxc4 13. bxc4 Qa5 14. Rb3 Qa4 15. Bb2 Bxb2 16. Rxb2 Qxc2 17. Rxc2 Nd7 {0-1 (36) Mamedyarov,S (2764)-Ivanchuk,V (2766) Beijing 2012}) 9... Nfd7 {LiveBook: 6 Games} 10. Re1 {White is slightly better.} Nb6 11. Bf1 Ba6 12. Nb5 N8d7 $146 ({Predecessor:} 12... Bb7 13. Bd2 Na6 14. Bc3 Nc7 15. Rad1 Nxb5 16. Bxb5 Bxc3 17. Qxc3 {½-½ (29) Hirneise,T (2463)-Yang,H (2417) Novi Sad 2017}) 13. a4 Nf6 14. Bf4 Qd7 15. Rad1 Rab8 16. b3 Qb7 17. Qd2 Rfc8 18. Qa5 {aiming for Nxd6.} c4 $2 {[#]} (18... Bxb5 $16 {might work better.} 19. Bxb5 Qc7) 19. Bxd6 $1 $18 {[%mdl 512]} exd6 20. Nxd6 Qc7 21. Qxa6 (21. e5 $18 Nfxd5 22. bxc4 (22. Qxa6 Nc3 $18) (22. Rxd5 Nxd5 23. Qxd5 Rf8 $14) (22. Nxc8 Bxc8 23. bxc4 Nf4 $14)) 21... Qxd6 $16 {White is clearly better.} 22. e5 Qc5 {Threatens to win with ...Ng4.} 23. exf6 Bxf6 24. Bxc4 {Precision: White = 68%, Black = 43%.} ({Don't go for} 24. Qxa7 $2 Ra8 $17) 1-0

[Event "FRA-ch 2018 Seniors Veterans"]
[Site "Nimes"]
[Date "2018.08.23"]
[Round "6"]
[White "Saucey, Michel"]
[Black "Dussol, Pierre"]
[Result "1-0"]
[WhiteElo "2283"]
[BlackElo "2096"]
[Annotator "TA"]
[PlyCount "55"]
[EventDate "2018.08.18"]
[EventType "tourn"]
[EventCountry "FRA"]
[SourceTitle "playchess.com"]
[Source "ChessBase"]
[SourceQuality "1"]

{[%evp 26,55,56,37,57,52,74,77,82,100,72,85,99,56,77,86,63,45,235,229,466,454,433,313,475,472,900,892,884,880,852,830]} 1. d4 Nf6 2. Nf3 d6 3. c4 Nbd7 4. g3 e5 5. Nc3 g6 6. Bg2 Bg7 7. O-O O-O 8. e4 c6 9. h3 a5 10. Be3 exd4 11. Nxd4 Qe7 12. Re1 Re8 13. Qc2 Nc5 14. Nb3 {LiveBook: 4 Games. E69: King's Indian: Fianchetto: 6...Nbd7 7 0-0 e5 8 e4 c6 9 h3} Na6 15. a3 {[#]} Be6 $146 ({Predecessor:} 15... Qc7 16. Na4 Nd7 17. Rad1 b6 18. Bd4 Bf8 19. f4 Nac5 20. Nbxc5 Nxc5 21. Nxc5 bxc5 {1-0 (35) Lin,W (2495)-Antonio,R (2520) Beijing 1992}) 16. Nxa5 {White is better.} Qc7 17. b4 Nd7 18. Rac1 Ne5 19. Na4 c5 {[#]} 20. f4 $1 Nd7 21. f5 Bxf5 $2 (21... cxb4 $14 22. fxe6 Rxe6) 22. exf5 $18 Rxe3 $2 (22... cxb4 23. Nxb7 bxa3) 23. Rxe3 Bd4 24. Rce1 Re8 (24... cxb4 $142 25. Nb3 (25. Bxb7 Re8 $16) 25... Bxe3+ 26. Rxe3 Ne5) 25. Qd2 {White is clearly winning.} b6 (25... Bxe3+ $142 26. Rxe3 Rxe3) 26. Nc6 Rxe3 27. Rxe3 Bxe3+ 28. Qxe3 1-0

[Event "FRA-ch 2018 Seniors Veterans"]
[Site "Nimes"]
[Date "2018.08.23"]
[Round "6"]
[White "Ricter, Jean-Paul"]
[Black "Caderon, Michel"]
[Result "1-0"]
[WhiteElo "2065"]
[BlackElo "1967"]
[Annotator "NA RC"]
[PlyCount "69"]
[EventDate "2018.08.18"]
[EventType "tourn"]
[EventCountry "FRA"]
[SourceTitle "playchess.com"]
[Source "ChessBase"]
[SourceQuality "1"]
[TimeControl "40/5400+30:1800+30"]

1. e4 {[%emt 0:00:00]} c5 {[%emt 0:00:00]} 2. d4 {[%emt 0:00:00]} cxd4 {[%emt 0:00:00]} 3. c3 {[%emt 0:00:02]} Nf6 {[%emt 0:00:00]} 4. e5 {[%emt 0:00:20]} Nd5 {[%emt 0:00:13]} 5. Qxd4 {[%emt 0:00:11]} e6 {[%emt 0:00:36]} 6. Nf3 {[%emt 0:00:23]} Nc6 {[%emt 0:00:17]} 7. Qe4 {[%emt 0:00:15]} f5 {[%emt 0:00:39]} 8. Qe2 {[%emt 0:00:23]} Qc7 {[%emt 0:00:20]} 9. g3 {[%emt 0:04:13]} b5 {[%emt 0:00:07] B22: Sicilian: 2 c3} (9... Nde7 10. Na3 Ng6 11. Nb5 Qb8 12. Bg2 a6 13. Nbd4 Ncxe5 14. O-O Be7 15. Re1 Nxf3+ 16. Bxf3 O-O 17. h4 Bf6 {½-½ (110) Kamsky,G (2723)-Grischuk,A (2728) Moscow 2008}) 10. Bg2 {[%emt 0:01:46]} a5 {[%emt 0:00:13]} 11. O-O {[%emt 0:02:48]} Ba6 {[%emt 0:00:05]} 12. Rd1 {[%emt 0:08:19]} Bc5 {[%emt 0:01:54]} 13. Rxd5 {[%emt 0:24:26]} exd5 {[%emt 0:00:08]} 14. e6 $146 {[%emt 0:00:06]} ({Predecessor:} 14. Bf4 b4 15. Qd1 Ne7 16. e6 Bd6 17. exd7+ Qxd7 18. cxb4 Bxf4 19. gxf4 {0-1 (25) Beric,Z (1950)-Loncar,R (2398) Rijeka 2017}) 14... O-O-O {[%emt 0:22:55]} 15. a4 {[%emt 0:00:16]} Qb7 {[%emt 0:01:12]} 16. Bf1 {[%emt 0:00:26]} Na7 {[%emt 0:03:43]} 17. Nd4 {[%emt 0:03:23]} Bxd4 {[%emt 0:03:23]} 18. cxd4 {[%emt 0:00:02]} Rhe8 {[%emt 0:02:06]} 19. e7 {[%emt 0:01:05]} Rxe7 {[%emt 0:00:19]} 20. Qxe7 {[%emt 0:00:03]} d6 $18 21. Qxb7+ {[%emt 0:01:59]} Kxb7 {[%emt 0:00:49]} 22. Nc3 {[%emt 0:01:09]} b4 {[%emt 0:01:40]} 23. Nxd5 {[%emt 0:01:28]} Bxf1 {[%emt 0:00:46]} 24. Kxf1 {[%emt 0:00:00]} Re8 {[%emt 0:01:15]} 25. Be3 Nc6 {[%emt 0:01:12]} 26. Rc1 {[%emt 0:06:20]} h6 {[%emt 0:01:31]} 27. h4 {[%emt 0:00:46]} g6 {[%emt 0:01:26]} 28. Rd1 {[%emt 0:03:58]} h5 {[%emt 0:01:30]} 29. Nf4 {[%emt 0:01:24]} Ne7 {[%emt 0:00:52]} 30. d5 {[%emt 0:01:33]} Rc8 {[%emt 0:01:46]} 31. Rc1 {[%emt 0:02:21]} Rxc1+ 32. Bxc1 Nxd5 {[%emt 0:00:50]} 33. Nxd5 {[%emt 0:00:35]} Kc6 {[%emt 0:00:02]} 34. Ne3 {[%emt 0:02:22]} Kc5 {[%emt 0:01:36]} 35. Ke2 {[%emt 0:02:05]} 1-0

[Event "FRA-ch 2018 Seniors Veterans"]
[Site "Nimes"]
[Date "2018.08.23"]
[Round "6"]
[White "Busson, Benoist"]
[Black "Vial, Patrick"]
[Result "0-1"]
[WhiteElo "1882"]
[BlackElo "2139"]
[Annotator "TA"]
[PlyCount "64"]
[EventDate "2018.08.18"]
[EventType "tourn"]
[EventCountry "FRA"]
[SourceTitle "playchess.com"]
[Source "ChessBase"]
[SourceQuality "1"]

{[%evp 9,64,0,28,21,31,25,53,48,90,72,90,83,80,0,0,0,0,0,26,30,32,30,11,0,0,0,0,0,0,0,0,0,-7,-80,-55,-55,-74,-356,-349,-349,-353,-607,-454,-626,-516,-504,-464,-473,-473,-471,-449,-458,-464,-466,-467,-29998,-29999]} 1. d4 Nf6 2. Nc3 d5 3. Bf4 Bf5 4. e3 e6 5. Bd3 Bb4 (5... Bg6 6. Nf3 Bb4 7. O-O Bh5 8. Nb5 Na6 9. a3 Be7 10. c4 dxc4 11. Bxc4 O-O 12. Nc3 c6 13. Bxa6 bxa6 {½-½ (37) Fenil,S (2376)-Krzyzanowski,M (2472) Budapest 2018}) 6. Bxf5 {D00: 1 d4 d5: Unusual lines} exf5 7. Qd3 Qc8 $146 ({Predecessor:} 7... Qd7 8. Nf3 Nc6 9. O-O O-O 10. Ne2 Rfe8 11. Rac1 a6 12. c4 dxc4 13. Qxc4 {1-0 (53) Jaeger,F (2168)-Stepanov,K (1944) ICCF email 2006}) 8. Be5 {White is slightly better.} Ne4 9. f3 Bxc3+ 10. bxc3 f6 11. Bxc7 (11. Bf4 $16) 11... Qxc7 $11 12. fxe4 fxe4 13. Qb5+ Qc6 14. Rb1 b6 15. Ne2 O-O 16. Kd2 Qd6 17. Nf4 Rd8 18. c4 dxc4 19. Qxc4+ Kh8 20. Rb5 Nc6 {[%cal Bb8c6,Bc6a5,Ba5c4,Bc4e3][%mdl 32]} 21. Rhb1 (21. Rd5 $11 {remains equal.} Na5 22. Qa4) 21... Na5 22. Qf7 {Hoping for Rh5.} Rd7 23. Qh5 $2 {[%mdl 8192]} (23. Qd5 $17 {was forced.} Rc8 24. Qxd6 Nc4+ 25. Kd1 Rxd6 26. R1b3) 23... Nc4+ $19 24. Ke2 {[#]} Nxe3 $1 {[%mdl 512]} 25. Ng6+ (25. Kxe3 Qxd4+) 25... Kg8 26. Kxe3 {Black must now prevent Qd5+!} Qxd4+ 27. Ke2 Qd2+ 28. Kf1 hxg6 29. Qe2 Qf4+ 30. Kg1 Rd2 31. Qc4+ Kh7 {( -> ...Qf2+)} 32. R5b3 {[#]} (32. Qf1 $19 Qe3+ 33. Kh1) 32... Qf2+ {Precision: White = 41%, Black = 58%.} 0-1

[Event "FRA-ch 2018 Seniors Veterans"]
[Site "Nimes"]
[Date "2018.08.24"]
[Round "7"]
[White "Prie, Eric"]
[Black "Saucey, Michel"]
[Result "1-0"]
[WhiteElo "2480"]
[BlackElo "2283"]
[Annotator "TA"]
[PlyCount "51"]
[EventDate "2018.08.18"]
[EventType "tourn"]
[EventCountry "FRA"]
[SourceTitle "playchess.com"]
[Source "ChessBase"]
[SourceQuality "1"]

{[%evp 19,51,8,0,-12,-11,-11,0,0,0,0,127,131,166,160,308,298,317,300,499,504,456,454,620,613,740,779,892,842,1140,1164,1164,1142,1473,1359]} 1. d4 Nf6 2. Nf3 e6 3. Bf4 c5 4. c3 Nc6 5. e3 d5 6. Nbd2 cxd4 7. exd4 {D02: 1 d4 d5 2 Nf3 sidelines, including 2...Nf6 3 g3 and 2...Nf6 3 Bf4} Nh5 {[%cal Bf6h5,Bh5g7,Bg7f5][%mdl 32]} 8. Be3 Bd6 9. Ne5 (9. Bd3 Nf4 10. Bxf4 Bxf4 11. g3 Bd6 12. O-O O-O 13. Re1 Bd7 14. h4 h6 {1-0 (44) Caruana,F (2822)-Aronian,L (2767) chess.com INT 2018}) 9... g6 10. Nd3 O-O {LiveBook: 5 Games} 11. Be2 Ng7 12. f4 f6 13. Nf3 Nf5 $146 ({Predecessor:} 13... b6 14. O-O a5 {½-½ (41) Milanovic,D (2488)-Menezes,C (2373) Austria 2017}) 14. Bf2 h5 {[#]} (14... Qc7 $11 {keeps the balance.}) 15. h3 $1 $16 {[%cal Bh2h3,Bh3g4][%mdl 32]} Qc7 {[#]} 16. g4 $1 {[%cal Rg4f5]} hxg4 (16... Nfe7 $16) 17. hxg4 $18 Ng7 18. Qc2 Ne7 $2 (18... Ne8 {is a better defense.} 19. O-O-O (19. Nde5 fxe5 20. fxe5 Qf7 $18) 19... Bxf4+ 20. Kb1 Bd6) 19. Nde5 {White is clearly winning.} fxe5 20. fxe5 Bb4 21. Qd3 Ba5 22. Ng5 Rf4 23. Qh3 {[%csl Gh1][%cal Rh3h8]} Kf8 24. Qh8+ Ng8 25. O-O Bd7 26. Bh4 {Precision: White = 92%, Black = 26%.} 1-0

[Event "FRA-ch 2018 Seniors Veterans"]
[Site "Nimes"]
[Date "2018.08.24"]
[Round "7"]
[White "Vial, Patrick"]
[Black "Ricter, Jean-Paul"]
[Result "0-1"]
[WhiteElo "2139"]
[BlackElo "2065"]
[Annotator "NA"]
[PlyCount "64"]
[EventDate "2018.08.18"]
[EventType "tourn"]
[EventCountry "FRA"]
[SourceTitle "playchess.com"]
[Source "ChessBase"]
[SourceQuality "1"]
[TimeControl "40/5400+30:1800+30"]

1. e4 {[%emt 0:00:00]} d5 {[%emt 0:00:00]} 2. exd5 {[%emt 0:00:00]} Qxd5 {[%emt 0:00:08]} 3. Nc3 {[%emt 0:00:10]} Qd8 {[%emt 0:00:41]} 4. d4 {[%emt 0:01:04]} Nf6 {[%emt 0:01:18]} 5. Bc4 {[%emt 0:02:40]} e6 {[%emt 0:04:03] LiveBook: 12 Games} 6. Nf3 {[%emt 0:00:12]} Be7 {[%emt 0:00:39]} 7. Qe2 $14 {[%emt 0:09:02]} O-O {[%emt 0:04:42]} 8. Bd2 {[%emt 0:05:33]} c6 {[%emt 0:10:30]} 9. O-O-O {[%emt 0:01:22]} b5 {[%emt 0:13:33]} 10. Bd3 {[%emt 0:00:08]} a5 {[%emt 0:01:04]} 11. g4 {[%emt 0:11:41]} b4 {[%emt 0:07:16]} 12. Ne4 {[%emt 0:00:14]} Ba6 {[%emt 0:00:51]} 13. Bxa6 {[%emt 0:13:21]} Nxa6 {[%emt 0:00:09]} 14. Nxf6+ {[%emt 0:04:38]} Bxf6 {[%emt 0:00:16]} 15. g5 {[%emt 0:00:14]} Be7 {[%emt 0:00:29]} 16. h4 {[%emt 0:01:21]} Qd5 {[%emt 0:02:53]} 17. Kb1 {[%emt 0:00:10]} Nc7 {[%emt 0:02:07]} 18. Ne5 {[%emt 0:01:42]} Nb5 {[%emt 0:08:20]} 19. Bc1 {[%emt 0:14:54]} Nxd4 {[%emt 0:11:21]} 20. Qe3 {[%emt 0:01:57]} c5 {[%emt 0:01:57]} 21. Rhg1 {[%emt 0:08:58]} a4 {[%emt 0:01:39]} 22. Ng4 {[%emt 0:07:40]} Qf5 {[%emt 0:04:01]} 23. Rxd4 {[%emt 0:06:52]} cxd4 {[%emt 0:03:01]} 24. Qxd4 {[%emt 0:00:09]} Kh8 {[%emt 0:03:55]} 25. Ne3 {[%emt 0:03:32]} Qc5 {[%emt 0:01:03]} 26. Qe4 {[%emt 0:03:04]} Rad8 {[%emt 0:02:13]} 27. h5 {[%emt 0:01:27]} Bxg5 {[%emt 0:03:36]} 28. Qg4 {[%emt 0:00:25]} Bf6 {[%emt 0:01:06]} 29. Qc4 {[%emt 0:01:28]} Qxc4 {[%emt 0:01:23]} 30. Nxc4 {[%emt 0:00:01]} Rd4 {[%emt 0:01:45]} 31. Nb6 {[%emt 0:00:16]} a3 {[%emt 0:00:22]} 32. h6 {[%emt 0:00:55]} g6 0-1

[Event "FRA-ch 2018 Seniors Veterans"]
[Site "Nimes"]
[Date "2018.08.24"]
[Round "7"]
[White "Legrand, Stephane"]
[Black "Vareille, Francois"]
[Result "0-1"]
[WhiteElo "2053"]
[BlackElo "2421"]
[Annotator "TA"]
[PlyCount "61"]
[EventDate "2018.08.18"]
[EventType "tourn"]
[EventCountry "FRA"]
[SourceTitle "playchess.com"]
[Source "ChessBase"]
[SourceQuality "1"]

{[%evp 11,61,25,34,18,37,-43,-52,-93,-83,-109,-116,-113,-85,-83,-85,-98,-106,-106,-108,-181,-188,-189,-186,-229,-224,-220,-169,-187,-168,-168,-166,-168,-173,-154,-157,-200,-197,-235,-248,-305,-303,-713,-706,-706,-706,-746,-732,-721,-712,-966,-963,-1709]} 1. Nf3 Nf6 2. c4 c5 3. Nc3 d5 4. cxd5 Nxd5 5. Qb3 (5. e4 Nb4 6. Bc4 Nd3+ 7. Ke2 Nf4+ 8. Kf1 Ne6 9. d3 Nc6 10. h4 g6 11. h5 Bg7 12. Be3 Ned4 13. h6 Bf6 14. Nd5 Bg4 15. Nxf6+ exf6 16. Bxd4 Nxd4 {0-1 (31) Svidler,P (2753)-Vachier Lagrave,M (2779) Biel 2018}) 5... Nc7 6. e3 {A34: Symmetrical English: 2 Nc3, lines with ...d5} Nc6 {LiveBook: 3 Games} 7. a3 ({Much weaker is} 7. Ng5 e6 $15) 7... g6 8. Ng5 $146 (8. d4 $14) ({Predecessor:} 8. Bc4 e6 9. O-O Bg7 10. Rd1 O-O 11. Qc2 e5 12. d3 Bg4 {0-1 (65) Libaha,E-Jiravorasuk,B (2296) Bandar Seri Begawan 2001}) 8... e6 $1 $15 9. f4 Bg7 10. Be2 O-O 11. O-O b6 12. Bf3 Na5 13. Qc2 Ba6 14. Bxa8 Bd3 15. Qa4 (15. Qd1 $17 {keeps fighting.} Bxf1 16. Qxf1 Nxa8 17. b4) 15... Bxf1 $19 (15... Qxa8 16. Re1 $15) 16. Kxf1 {[#] Strongly threatening Bf3.} Qd3+ $1 ({Don't take} 16... Qxa8 17. b4 $17) ({Much less strong is} 16... Nxa8 17. Qc2 $17) 17. Kf2 {And now Bf3 would win.} Rxa8 18. Qe4 Qxe4 19. Ngxe4 Nb3 20. Rb1 f5 21. Ng5 Rd8 22. Ke2 c4 23. Nf3 Na6 24. Ne1 Nac5 25. Nb5 a6 26. Nd4 $2 {[#]} (26. Nc3) 26... Bxd4 {Black is clearly winning.} 27. exd4 Rxd4 28. Nf3 Re4+ 29. Kd1 Nd3 30. Kc2 Rxf4 31. Ra1 {Precision: White = 32%, Black = 87%.} 0-1

[Event "FRA-ch 2018 Seniors Veterans"]
[Site "Nimes"]
[Date "2018.08.24"]
[Round "7"]
[White "Boulos, Jean"]
[Black "Natale, Rodolphe"]
[Result "1-0"]
[WhiteElo "1784"]
[BlackElo "1826"]
[Annotator "NA"]
[PlyCount "103"]
[EventDate "2018.08.18"]
[EventType "tourn"]
[EventCountry "FRA"]
[SourceTitle "playchess.com"]
[Source "ChessBase"]
[SourceQuality "1"]
[TimeControl "40/5400+30:1800+30"]

1. e4 {[%emt 0:00:00]} c5 {[%emt 0:00:00]} 2. Nf3 {[%emt 0:00:00]} Nc6 {[%emt 0:00:28]} 3. Bb5 {[%emt 0:02:10]} g6 {[%emt 0:00:37]} 4. O-O {[%emt 0:01:35]} Bg7 {[%emt 0:00:29]} 5. c3 {[%emt 0:01:23]} Nf6 {[%emt 0:03:18]} 6. e5 {[%emt 0:05:58]} Nd5 {[%emt 0:01:18]} 7. d4 {[%emt 0:01:30]} cxd4 {[%emt 0:02:04]} 8. cxd4 {[%emt 0:02:00]} O-O {[%emt 0:02:26]} 9. Nc3 {[%emt 0:01:25]} Nxc3 {[%emt 0:05:04]} 10. bxc3 {[%emt 0:00:05]} d5 {[%emt 0:09:13]} 11. Bd3 {[%emt 0:11:04]} f6 {[%emt 0:12:41]} 12. exf6 {[%emt 0:09:41]} exf6 {[%emt 0:02:55]} 13. Re1 {[%emt 0:02:09]} Re8 {[%emt 0:03:02]} 14. Bf4 {[%emt 0:02:12]} Rxe1+ {[%emt 0:02:19]} 15. Nxe1 {[%emt 0:02:53]} Be6 {[%emt 0:01:31]} 16. Rb1 {[%emt 0:00:29]} Qe7 {[%emt 0:09:25]} 17. Qc2 {[%emt 0:05:16]} Re8 {[%emt 0:07:21]} 18. Nf3 {[%emt 0:09:32]} Qd7 {[%emt 0:05:36]} 19. h4 {[%emt 0:07:09]} f5 {[%emt 0:06:28]} 20. Qa4 a6 {[%emt 0:04:22]} 21. Qb3 {[%emt 0:04:51]} Re7 {[%emt 0:02:38]} 22. Bg5 {[%emt 0:02:18]} Rf7 {[%emt 0:00:10]} 23. Bf4 {[%emt 0:01:21]} Re7 {[%emt 0:04:09]} 24. Bc1 {[%emt 0:00:44]} h6 {[%emt 0:01:51]} 25. Qc2 {[%emt 0:02:56]} Qc7 {[%emt 0:03:38]} 26. g3 {[%emt 0:01:53]} h5 {[%emt 0:01:16]} 27. Bf4 {[%emt 0:01:45]} Qd8 {[%emt 0:00:47]} 28. Bg5 {[%emt 0:01:12]} Qd7 {[%emt 0:01:17]} 29. Bxe7 {[%emt 0:00:14]} Qxe7 {[%emt 0:00:06]} 30. Re1 {[%emt 0:00:36]} Qd6 {[%emt 0:01:17]} 31. Qe2 {[%emt 0:01:25]} Bd7 {[%emt 0:02:00]} 32. Qe3 {[%emt 0:03:10]} b5 {[%emt 0:01:20]} 33. Bc2 {[%emt 0:04:13]} b4 {[%emt 0:01:37]} 34. Bb3 {[%emt 0:04:51]} f4 {[%emt 0:00:35]} 35. Qxf4 {[%emt 0:02:33]} Qxf4 {[%emt 0:00:15]} 36. gxf4 {[%emt 0:00:07]} bxc3 {[%emt 0:00:17]} 37. Bxd5+ {[%emt 0:00:12]} Kf8 {[%emt 0:00:29]} 38. Ne5 {[%emt 0:00:16]} Nxe5 {[%emt 0:00:48]} 39. dxe5 {[%emt 0:01:54]} Bf5 {[%emt 0:01:33]} 40. Be4 {[%emt 0:01:07]} Bh6 {[%emt 0:01:15]} 41. Bxf5 {[%emt 0:30:15]} gxf5 {[%emt 0:30:10]} 42. Rc1 {[%emt 0:01:00]} Bxf4 {[%emt 0:00:23]} 43. Rxc3 {[%emt 0:00:08]} Bxe5 {[%emt 0:00:20]} 44. Rc5 {[%emt 0:00:09]} Bd4 {[%emt 0:02:20]} 45. Rxf5+ {[%emt 0:00:04]} Kg7 {[%emt 0:00:22]} 46. Rxh5 {[%emt 0:00:08]} Bc3 {[%emt 0:00:00]} 47. Kg2 {[%emt 0:00:00]} a5 {[%emt 0:00:00]} 48. a4 {[%emt 0:00:00]} Bd2 {[%emt 0:00:00]} 49. f3 {[%emt 0:00:00]} Bc3 {[%emt 0:00:00]} 50. Kg3 {[%emt 0:00:00]} Be1+ {[%emt 0:00:00]} 51. Kg4 {[%emt 0:00:00]} Bd2 {[%emt 0:00:00]} 52. f4 {[%emt 0:00:00]} 1-0

[Event "FRA-ch 2018 Seniors Veterans"]
[Site "Nimes"]
[Date "2018.08.25"]
[Round "8"]
[White "Vareille, Francois"]
[Black "Ricter, Jean-Paul"]
[Result "1-0"]
[WhiteElo "2421"]
[BlackElo "2065"]
[Annotator "TA"]
[PlyCount "53"]
[EventDate "2018.08.18"]
[EventType "tourn"]
[EventCountry "FRA"]
[SourceTitle "playchess.com"]
[Source "ChessBase"]
[SourceQuality "1"]

{[%evp 13,53,68,87,90,104,113,113,120,141,133,122,123,127,110,129,127,135,131,149,152,158,149,137,116,183,178,178,182,187,191,322,310,417,414,502,501,1630,1623,1344,1275,1611,1523]} 1. d4 d6 2. Nf3 Nf6 3. c4 c6 4. Nc3 Qc7 5. g3 e5 6. Bg2 {A53: Old Indian Defence without Nf3} Bg4 7. O-O Nbd7 {LiveBook: 4 Games} 8. h3 {White is better.} Bh5 9. Nh4 h6 10. d5 $146 ({Predecessor:} 10. b3 g5 {1-0 (26) Berkes,F (2693)-Djurovic,G (2371) Neum 2011}) 10... c5 11. Qd3 g5 12. Nf5 Bg6 13. e4 {[%cal Be2e4,Be4f5][%mdl 32]} Bxf5 14. exf5 Be7 15. a3 O-O 16. h4 Nh7 17. Ne4 Kh8 18. Qe2 Ndf6 (18... Rg8 $16) 19. Nxg5 $18 hxg5 20. hxg5 Rg8 21. gxf6 Bxf6 (21... Nxf6 {was worth a try.} 22. Bf3 Kg7) 22. Qh5 Qe7 23. Be4 Qf8 24. Kg2 {White is clearly winning.} Qg7 (24... Rg7 $142 25. Rh1 Rb8) 25. Rh1 Rge8 26. Bh6 Qg8 27. Rh3 {Precision: White = 69%, Black = 29%.} 1-0